000 00321nam a2200121Ia 4500
008 240624s9999 xx 000 0 und d
041 _aeng
082 _a302.35 PAR
100 _aPARIKH MARGIE
245 _aORGANISATIONAL BEHAVIOUR
260 _c2012
_aNew Delhi
_bTata McGraw-Hill
300 _axxxvi, , 639 , 23 : p. : cm.
999 _c28837
_d28837